Statistics for Countries former names#4

Click here to take the quiz!

General Stats

  • This quiz has been taken 25 times
    (9 since last reset)
  • The average score is 4 of 10

Answer Stats

Current nameAnswer% Correct
Sri LankaCeylon
100%
ThailandSiam
100%
NamibiaSouth West Africa
63%
SurinameDutch Guyana
63%
SamoaWestern Samoa
38%
MoldovaMoldovia
25%
NetherlandsUnited Provinces
13%
VanuatuNew Hebrides
13%
OmanMuscat and Oman
0%
TuvaluEllice Islands
0%

Score Distribution

Percentile by Number Answered

Percent of People with Each Score

Your Score History

You have not taken this quiz since the last reset